[Event "43. Olimpiada Batumi 2018 Femenina"]
[Site "Batumi GEO"]
[Date "2018.09.30"]
[Round "6.2"]
[White "Bengtsson, Jessica"]
[Black "Shabanaj, Alda"]
[Result "1-0"]
[WhiteElo "1986"]
[BlackElo "1853"]
[PlyCount "87"]
[EventDate "2018.09.24"]
[EventType "team-swiss"]
[EventRounds "11"]
[EventCountry "GEO"]
[SourceTitle "Ajedrez en Madrid"]
[Source "lmi"]
[SourceDate "2018.09.24"]
[WhiteTeam "Sweden"]
[BlackTeam "Albania"]
[WhiteTeamCountry "SWE"]
[BlackTeamCountry "ALB"]

1. e4 c6 2. d4 d5 3. Nc3 dxe4 4. Nxe4 Bf5 5. Ng3 Bg6 6. Bc4 e6 7. N1e2 Nd7 8.
O-O Qc7 9. f4 Bd6 10. f5 exf5 11. Nxf5 Bxf5 12. Rxf5 Ngf6 13. Bf4 O-O-O 14.
Bxd6 Qxd6 15. Qd3 g6 16. Rf4 Qb4 17. Bxf7 Qxb2 18. Rff1 Qb6 19. Rab1 Qc7 20.
Nf4 Nb6 21. Qh3+ Kb8 22. Bb3 Ne4 23. Ne6 Qd7 24. Qe3 Nd6 25. Nxd8 Rxd8 26. Rbe1
Re8 27. Qf4 Nbc8 28. Re5 a6 29. Rfe1 Rd8 30. Be6 Qc7 31. Bxc8 Nxc8 32. R5e4 Nd6
33. Re7 Qa5 34. R1e6 Qb4 35. h3 Ka7 36. Kh2 Nb5 37. Qf7 Qxd4 38. Rxb7+ Ka8 39.
Rbe7 Nd6 40. Qf3 Qc5 41. Rc7 Nb7 42. Rcxc6 Qg5 43. Rxa6+ Kb8 44. Rab6 1-0

[Event "43. Olimpiada Batumi 2018 Femenina"]
[Site "Batumi GEO"]
[Date "2018.09.30"]
[Round "6.3"]
[White "Gjergji, Rozana"]
[Black "Fransson, Angelina"]
[Result "1-0"]
[WhiteElo "1924"]
[BlackElo "2004"]
[PlyCount "71"]
[EventDate "2018.09.24"]
[EventType "team-swiss"]
[EventRounds "11"]
[EventCountry "GEO"]
[SourceTitle "Ajedrez en Madrid"]
[Source "lmi"]
[SourceDate "2018.09.24"]
[WhiteTeam "Albania"]
[BlackTeam "Sweden"]
[WhiteTeamCountry "ALB"]
[BlackTeamCountry "SWE"]

1. e4 c5 2. Nc3 e6 3. f4 a6 4. d3 Nc6 5. Nf3 d5 6. b3 Nf6 7. Bb2 Be7 8. Qd2 b5
9. e5 Nd7 10. Be2 b4 11. Nd1 Nb6 12. O-O O-O 13. c3 a5 14. d4 a4 15. Ne3 a3 16.
Bc1 f5 17. exf6 Bxf6 18. Ne5 bxc3 19. Qxc3 Nxd4 20. Bd3 Nd7 21. N3g4 Bxe5 22.
Nxe5 Nxe5 23. fxe5 Rxf1+ 24. Bxf1 Qa5 25. Qxa5 Rxa5 26. Bd2 Ra8 27. Rc1 Nc6 28.
Rxc5 Nxe5 29. Bc3 Nf7 30. Rc7 h6 31. Bd3 g5 32. Bg6 Nd6 33. Rh7 Kf8 34. Bg7+
Ke7 35. Be5+ Kd8 36. Bf6# 1-0

[Event "43. Olimpiada Batumi 2018 Femenina"]
[Site "Batumi GEO"]
[Date "2018.09.30"]
[Round "6.4"]
[White "Zaritovskaja, Margarita"]
[Black "Tuzi, Bruna"]
[Result "0-1"]
[WhiteElo "1731"]
[BlackElo "1813"]
[PlyCount "84"]
[EventDate "2018.09.24"]
[EventType "team-swiss"]
[EventRounds "11"]
[EventCountry "GEO"]
[SourceTitle "Ajedrez en Madrid"]
[Source "lmi"]
[SourceDate "2018.09.24"]
[WhiteTeam "Sweden"]
[BlackTeam "Albania"]
[WhiteTeamCountry "SWE"]
[BlackTeamCountry "ALB"]

1. e4 c5 2. Nf3 Nc6 3. d4 cxd4 4. Nxd4 Nf6 5. Nc3 e5 6. Ndb5 d6 7. Bg5 a6 8.
Na3 b5 9. Bxf6 gxf6 10. Nd5 Bg7 11. Bd3 Be6 12. c4 bxc4 13. Nxc4 Bxd5 14. exd5
Nd4 15. Qa4+ Ke7 16. O-O Qb8 17. Ne3 Bh6 18. Rae1 Rg8 19. Nf5+ Nxf5 20. Bxf5
Ra7 21. Re4 a5 22. Rh4 Bg5 23. Rxh7 Qxb2 24. Be6 Kf8 25. Qc6 Qb8 26. Bf5 Rb7
27. Qc8+ Qxc8 28. Bxc8 Rb2 29. Bf5 Bd2 30. Rb1 Rxb1+ 31. Bxb1 Rg4 32. Bf5 Ra4
33. Rh8+ Kg7 34. Rd8 Rxa2 35. g3 Bb4 36. Rd7 Bc5 37. Be6 Rxf2 38. Rxf7+ Kg6 39.
h4 a4 40. Rf8 a3 41. g4 a2 42. Rg8+ Kh7 0-1

[Event "43. Olimpiada Batumi 2018 Femenina"]
[Site "Batumi GEO"]
[Date "2018.09.30"]
[Round "6.1"]
[White "Fierro Baquero, Martha L"]
[Black "Tan, Li Ting"]
[Result "0-1"]
[WhiteElo "2369"]
[BlackElo "2054"]
[PlyCount "88"]
[EventDate "2018.09.24"]
[EventType "team-swiss"]
[EventRounds "11"]
[EventCountry "GEO"]
[SourceTitle "Ajedrez en Madrid"]
[Source "lmi"]
[SourceDate "2018.09.24"]
[WhiteTeam "Ecuador"]
[BlackTeam "Malaysia"]
[WhiteTeamCountry "ECU"]
[BlackTeamCountry "MAS"]

1. e4 e5 2. Nf3 Nc6 3. Bb5 a6 4. Ba4 Nf6 5. d3 b5 6. Bb3 Bc5 7. O-O d6 8. c3
O-O 9. a4 Rb8 10. Na3 Na5 11. Ba2 b4 12. Nc4 Nxc4 13. Bxc4 bxc3 14. bxc3 h6 15.
Qe2 Re8 16. Qa2 Be6 17. Bd2 Qd7 18. Rab1 Ba7 19. Bxe6 Qxe6 20. Qxe6 fxe6 21. h3
Kf7 22. Be3 Bxe3 23. fxe3 Ke7 24. Nd2 Nd7 25. d4 Rxb1 26. Rxb1 Rb8 27. Rxb8
Nxb8 28. Kf2 Nd7 29. Ke2 d5 30. Kd3 c5 31. c4 Kd6 32. exd5 exd5 33. cxd5 cxd4
34. e4 Kc5 35. Nb3+ Kb4 36. Nxd4 exd4 37. Kxd4 Kxa4 38. e5 Kb5 39. e6 Nf6 40.
e7 Ne8 41. g4 a5 42. h4 a4 43. g5 hxg5 44. hxg5 a3 0-1

[Event "43. Olimpiada Batumi 2018 Femenina"]
[Site "Batumi GEO"]
[Date "2018.09.30"]
[Round "6.2"]
[White "Bakri, Alia Anin Azwa"]
[Black "Heredia Serrano, Carla"]
[Result "1-0"]
[WhiteElo "2005"]
[BlackElo "2159"]
[PlyCount "141"]
[EventDate "2018.09.24"]
[EventType "team-swiss"]
[EventRounds "11"]
[EventCountry "GEO"]
[SourceTitle "Ajedrez en Madrid"]
[Source "lmi"]
[SourceDate "2018.09.24"]
[WhiteTeam "Malaysia"]
[BlackTeam "Ecuador"]
[WhiteTeamCountry "MAS"]
[BlackTeamCountry "ECU"]

1. d4 Nf6 2. Nf3 e6 3. c4 c5 4. e3 Be7 5. Nc3 d5 6. dxc5 O-O 7. a3 Bxc5 8. Be2
Nc6 9. O-O Ne4 10. cxd5 Nxc3 11. bxc3 exd5 12. Qb3 Bb6 13. Rd1 Be6 14. Nd4 Qh4
15. Nf3 Qe7 16. Qb5 Rac8 17. a4 Rfd8 18. Ba3 Qf6 19. Bb2 Qg6 20. Bd3 Qh6 21.
Bc1 Qf6 22. Bb2 Qe7 23. Ba3 Qc7 24. Rac1 Bg4 25. Be2 Be6 26. Bd3 h6 27. h3 a6
28. Qb2 Ba7 29. Rb1 Rb8 30. Qe2 Na5 31. Nd4 Qd7 32. Nxe6 Qxe6 33. Qf3 Rdc8 34.
Bf5 Qe8 35. Bxc8 Rxc8 36. Qxd5 Nc4 37. Bc1 Qxa4 38. Rxb7 Rf8 39. Rxa7 Ne5 40.
Qd4 Qe8 41. Rxa6 Qc8 42. Rd6 Qf5 43. Rd8 Rxd8 44. Qxd8+ Kh7 45. Qd5 Qc2 46. f4
Ng6 47. Qd3 Qa2 48. c4 h5 49. c5 Kh6 50. Qd8 Qe2 51. Qd3 Qa2 52. Rd2 Qa7 53.
Rc2 h4 54. Qd4 Qa5 55. Bd2 Qb5 56. Qc4 Qb1+ 57. Rc1 Qb2 58. Qc2 Qb5 59. Be1 Qc6
60. Rd1 Kh5 61. Qf5+ Kh6 62. Qg5+ Kh7 63. Qh5+ Kg8 64. Rd8+ Nf8 65. Bxh4 Qc7
66. Qd5 g5 67. Qxg5+ Kh7 68. Rxf8 f6 69. Qg8+ Kh6 70. Qh8+ Qh7 71. Rxf6+ 1-0

[Event "43. Olimpiada Batumi 2018 Femenina"]
[Site "Batumi GEO"]
[Date "2018.09.30"]
[Round "6.3"]
[White "Ortiz Verdesoto, Anahi"]
[Black "Azman Hisham, Nur Nabila"]
[Result "1-0"]
[WhiteElo "1954"]
[BlackElo "1943"]
[PlyCount "81"]
[EventDate "2018.09.24"]
[EventType "team-swiss"]
[EventRounds "11"]
[EventCountry "GEO"]
[SourceTitle "Ajedrez en Madrid"]
[Source "lmi"]
[SourceDate "2018.09.24"]
[WhiteTeam "Ecuador"]
[BlackTeam "Malaysia"]
[WhiteTeamCountry "ECU"]
[BlackTeamCountry "MAS"]

1. d4 Nf6 2. c4 g6 3. Nc3 d5 4. cxd5 Nxd5 5. e4 Nxc3 6. bxc3 Bg7 7. Bc4 O-O 8.
Ne2 c5 9. O-O Qc7 10. Bd3 Rd8 11. Be3 b6 12. Qc1 Bb7 13. Rd1 c4 14. Bc2 Nd7 15.
Bg5 Nf8 16. Qe3 Ne6 17. Bh4 Qd7 18. a4 Nc7 19. d5 Ne8 20. a5 b5 21. a6 Bc8 22.
e5 f6 23. Nd4 Nc7 24. d6 exd6 25. exf6 Re8 26. Qf3 Bh8 27. Nc6 d5 28. Ne7+ Kf7
29. Qg3 Bxf6 30. Bxg6+ Kxe7 31. Qe5+ Kf8 32. Qxf6+ Kg8 33. Bxe8 Qxe8 34. Qg5+
Kh8 35. Re1 Ne6 36. Qf6+ Kg8 37. Re3 Qf7 38. Rg3+ Ng7 39. Qd8+ Qf8 40. Qxd5+
Be6 41. Qxe6+ 1-0

[Event "43. Olimpiada Batumi 2018 Femenina"]
[Site "Batumi GEO"]
[Date "2018.09.30"]
[Round "6.4"]
[White "Azhar, Puteri Munajjah Az-"]
[Black "Sarmiento Robles, Paula"]
[Result "0-1"]
[WhiteElo "1869"]
[BlackElo "1750"]
[PlyCount "144"]
[EventDate "2018.09.24"]
[EventType "team-swiss"]
[EventRounds "11"]
[EventCountry "GEO"]
[SourceTitle "Ajedrez en Madrid"]
[Source "lmi"]
[SourceDate "2018.09.24"]
[WhiteTeam "Malaysia"]
[BlackTeam "Ecuador"]
[WhiteTeamCountry "MAS"]
[BlackTeamCountry "ECU"]

1. Nf3 Nf6 2. g3 b5 3. Bg2 Bb7 4. O-O e6 5. b3 Be7 6. c4 bxc4 7. bxc4 c5 8. Nc3
O-O 9. Rb1 Bc6 10. d4 cxd4 11. Qxd4 d6 12. e4 a6 13. Ba3 Qc7 14. Rfd1 Rd8 15.
h3 h6 16. Ne1 Ne8 17. Qe3 Nd7 18. f4 Rab8 19. Bf1 Bf6 20. Ne2 Ba4 21. Rxb8 Rxb8
22. Rc1 Qa5 23. Nd4 Bd8 24. Kh1 Bb6 25. Qd3 Nc5 26. Qe2 Nxe4 27. Qxe4 Bxd4 28.
Bxd6 Nxd6 29. Qxd4 Nf5 30. Qf2 Rd8 31. Bd3 Bc6+ 32. Kh2 Rb8 33. g4 Nd6 34. Ng2
Qa3 35. Qd2 Ne4 36. Qe3 Rb2 37. Rc2 Rxc2 38. Bxc2 Qxe3 39. Nxe3 Nc3 40. a3 Kf8
41. Bd3 Na4 42. Kg3 Ke7 43. Kf2 Kd6 44. Ke2 Kc5 45. Kd2 g5 46. f5 Kd4 47. Nc2+
Ke5 48. Ne1 Kf4 49. fxe6 fxe6 50. Bf1 Nc5 51. Nd3+ Nxd3 52. Kxd3 e5 53. Ke2 a5
54. Kf2 Bf3 55. c5 e4 56. Bb5 e3+ 57. Kf1 Ke5 58. Be2 Bc6 59. Bd1 Kd4 60. Ke2
Bb5+ 61. Kf3 Bd3 62. Ba4 e2 63. Kf2 Kxc5 64. Ke1 Kd4 65. Kd2 Ke4 66. Bd7 Kf3
67. Ke1 Kg3 68. Bf5 Bc4 69. Bd7 Kxh3 70. Kf2 Kh4 71. Bf5 h5 72. gxh5 Kxh5 0-1

[Event "43. Olimpiada Batumi 2018 Femenina"]
[Site "Batumi GEO"]
[Date "2018.09.30"]
[Round "6.1"]
[White "Aseel, Odeh"]
[Black "Goossens, Hanne"]
[Result "0-1"]
[WhiteElo "1647"]
[BlackElo "2220"]
[PlyCount "110"]
[EventDate "2018.09.24"]
[EventType "team-swiss"]
[EventRounds "11"]
[EventCountry "GEO"]
[SourceTitle "Ajedrez en Madrid"]
[Source "lmi"]
[SourceDate "2018.09.24"]
[WhiteTeam "Jordan"]
[BlackTeam "Belgium"]
[WhiteTeamCountry "JOR"]
[BlackTeamCountry "BEL"]

1. e4 c5 2. Nf3 d6 3. g3 g6 4. Bg2 Bg7 5. d3 Nc6 6. Nc3 Rb8 7. O-O b5 8. Rb1 b4
9. Ne2 Nf6 10. h3 O-O 11. Be3 Bd7 12. Qd2 Qc8 13. Kh2 e5 14. Bh6 a5 15. Nh4 Nd4
16. Bxg7 Kxg7 17. Nxd4 cxd4 18. f4 Ng8 19. f5 f6 20. Rf2 Rb7 21. g4 g5 22. Nf3
h6 23. h4 Be8 24. hxg5 hxg5 25. Rh1 Qd8 26. Kg3 Nh6 27. Nxg5 fxg5 28. f6+ Kg6
29. Rh5 Kh7 30. Rh1 Rxf6 31. Rf5 Rg7 32. Qc1 Rxf5 33. Rxh6+ Kxh6 34. Qh1+ Kg6
35. exf5+ Kf6 36. Qh6+ Bg6 37. Be4 d5 38. Bg2 Qd6 39. Kf2 e4 40. dxe4 Qf4+ 41.
Kg1 Qc1+ 42. Bf1 Qe3+ 43. Kg2 Qxe4+ 44. Kf2 Qxg4 45. fxg6 Qh4+ 46. Qxh4 gxh4
47. Bd3 Rxg6 48. Bxg6 Kxg6 49. Kg2 Kf5 50. Kh3 Ke4 51. Kxh4 d3 52. cxd3+ Kxd3
53. Kg3 d4 54. Kf2 Kc2 55. Ke1 d3 0-1

[Event "43. Olimpiada Batumi 2018 Femenina"]
[Site "Batumi GEO"]
[Date "2018.09.30"]
[Round "6.2"]
[White "Vanduyfhuys, Daria"]
[Black "Razan, Alshaeby"]
[Result "0-1"]
[WhiteElo "2058"]
[BlackElo "1712"]
[PlyCount "142"]
[EventDate "2018.09.24"]
[EventType "team-swiss"]
[EventRounds "11"]
[EventCountry "GEO"]
[SourceTitle "Ajedrez en Madrid"]
[Source "lmi"]
[SourceDate "2018.09.24"]
[WhiteTeam "Belgium"]
[BlackTeam "Jordan"]
[WhiteTeamCountry "BEL"]
[BlackTeamCountry "JOR"]

1. d4 Nf6 2. c4 c5 3. d5 b5 4. Qc2 bxc4 5. e4 e6 6. Bxc4 exd5 7. exd5 d6 8. Nc3
Be7 9. Nf3 O-O 10. O-O Nbd7 11. b3 Nb6 12. Bb2 Qd7 13. Bb5 Qg4 14. Bc6 Rb8 15.
Rfe1 Bd8 16. Rad1 Bf5 17. Qc1 Nh5 18. Ne2 Nd7 19. Ng3 Nf4 20. h3 Nxh3+ 21. gxh3
Qxf3 22. Qc3 Qxc3 23. Bxc3 Bxh3 24. Kh2 Bg4 25. f3 Bxf3 26. Bxd7 Bxd1 27. Rxd1
Rb7 28. Bc6 Re7 29. Nf5 Re2+ 30. Kg3 f6 31. Bd2 g6 32. Ne3 f5 33. Kf3 Rh2 34.
Bd7 Bh4 35. Ng2 Rh3+ 36. Ke2 Bg3 37. Nf4 Rh2+ 38. Kf3 Bh4 39. Ng2 Bf6 40. Bf4
Rh3+ 41. Kf2 Bd4+ 42. Ke2 Rd8 43. Be6+ Kg7 44. Rf1 Kf6 45. Ne1 Be5 46. Be3 Rh2+
47. Rf2 Rxf2+ 48. Bxf2 g5 49. Nd3 Rb8 50. Kf1 h5 51. Kg2 h4 52. Ne1 Rb4 53. Nd3
Re4 54. a4 Bd4 55. Bxd4+ Rxd4 56. Nf2 g4 57. a5 Rb4 58. a6 Rxb3 59. Bd7 h3+ 60.
Kg1 Rb1+ 61. Kh2 Rb2 62. Kg3 Rxf2 63. Kxf2 Kg5 64. Kg3 f4+ 65. Kh2 Kh4 66. Bb5
f3 67. Kg1 Kg3 68. Bd3 f2+ 69. Kh1 Kf3 70. Bc4 g3 71. Be2+ Ke3 0-1

[Event "43. Olimpiada Batumi 2018 Femenina"]
[Site "Batumi GEO"]
[Date "2018.09.30"]
[Round "6.3"]
[White "Alattar, Ghayda M"]
[Black "Barbier, Wiebke"]
[Result "1-0"]
[WhiteElo "1926"]
[BlackElo "1998"]
[PlyCount "73"]
[EventDate "2018.09.24"]
[EventType "team-swiss"]
[EventRounds "11"]
[EventCountry "GEO"]
[SourceTitle "Ajedrez en Madrid"]
[Source "lmi"]
[SourceDate "2018.09.24"]
[WhiteTeam "Jordan"]
[BlackTeam "Belgium"]
[WhiteTeamCountry "JOR"]
[BlackTeamCountry "BEL"]

1. e4 d6 2. d4 Nf6 3. Nc3 e5 4. Nf3 Nbd7 5. g3 Be7 6. Bg2 O-O 7. O-O c6 8. a4
a5 9. Re1 Re8 10. h3 Bf8 11. Be3 Qc7 12. Qd2 g6 13. Rad1 Bg7 14. b3 Nb6 15.
dxe5 dxe5 16. Bc5 Nfd7 17. Bd6 Qd8 18. Qe3 f6 19. h4 Bf8 20. h5 Bxd6 21. Rxd6
Qe7 22. Red1 Rf8 23. Nh4 Qg7 24. Bh3 Re8 25. Kh2 Kh8 26. Ne2 Qf8 27. hxg6 Nd5
28. g7+ Qxg7 29. exd5 c5 30. Nf4 Nf8 31. Bxc8 Raxc8 32. Nh5 Qg4 33. Qh6 Re7 34.
Rxf6 Nd7 35. Ng6+ Kg8 36. Nxe7+ Kh8 37. Ng6+ 1-0

[Event "43. Olimpiada Batumi 2018 Femenina"]
[Site "Batumi GEO"]
[Date "2018.09.30"]
[Round "6.4"]
[White "Cuvelier, Annelies"]
[Black "Boshra, Alshaeby"]
[Result "0-1"]
[WhiteElo "1809"]
[BlackElo "1979"]
[PlyCount "108"]
[EventDate "2018.09.24"]
[EventType "team-swiss"]
[EventRounds "11"]
[EventCountry "GEO"]
[SourceTitle "Ajedrez en Madrid"]
[Source "lmi"]
[SourceDate "2018.09.24"]
[WhiteTeam "Belgium"]
[BlackTeam "Jordan"]
[WhiteTeamCountry "BEL"]
[BlackTeamCountry "JOR"]

1. e4 c5 2. Nc3 g6 3. Nf3 Bg7 4. d4 cxd4 5. Nxd4 Nc6 6. Be3 Nf6 7. Be2 O-O 8.
Nb3 d6 9. O-O Be6 10. f3 Na5 11. Nd5 Bxd5 12. exd5 Qc7 13. Nxa5 Qxa5 14. c4
Rfc8 15. a3 Nd7 16. b4 Qc7 17. Bd4 Bxd4+ 18. Qxd4 a5 19. Rfc1 Qb6 20. Qxb6 Nxb6
21. bxa5 Na4 22. Rab1 Nc5 23. Rb5 Ra6 24. Kf2 Rca8 25. Ke3 Rxa5 26. Rxa5 Rxa5
27. Rc3 Ra6 28. Kd2 Rb6 29. Kc2 Kg7 30. h4 Kf6 31. g3 e6 32. dxe6 fxe6 33. Re3
e5 34. Rc3 Ne6 35. Bd1 Nd4+ 36. Kc1 Nf5 37. g4 Nxh4 38. Bc2 Kg5 39. Be4 Kf4 40.
Kc2 h5 41. gxh5 gxh5 42. a4 Nf5 43. a5 Nd4+ 44. Kd1 Rb2 45. Kc1 Rb4 46. Kd1 h4
47. Ra3 h3 48. Ra2 Kg3 49. f4 exf4 50. Rd2 f3 51. Rxd4 h2 52. Bxf3 Kxf3 53. Rh4
h1=Q+ 54. Rxh1 Rb1+ 0-1

[Event "43. Olimpiada Batumi 2018 Femenina"]
[Site "Batumi GEO"]
[Date "2018.09.30"]
[Round "6.1"]
[White "Skripchenko, Almira"]
[Black "Abeysinghe, H M H Janandani"]
[Result "1-0"]
[WhiteElo "2414"]
[BlackElo "1678"]
[PlyCount "37"]
[EventDate "2018.09.24"]
[EventType "team-swiss"]
[EventRounds "11"]
[EventCountry "GEO"]
[SourceTitle "Ajedrez en Madrid"]
[Source "lmi"]
[SourceDate "2018.09.24"]
[WhiteTeam "France"]
[BlackTeam "Sri Lanka"]
[WhiteTeamCountry "FRA"]
[BlackTeamCountry "SRI"]

1. e4 c5 2. Nc3 Nc6 3. f4 e6 4. Nf3 Nge7 5. d4 cxd4 6. Nxd4 g6 7. Nxc6 dxc6 8.
Qxd8+ Kxd8 9. Be3 Bg7 10. O-O-O+ Kc7 11. Bc5 Re8 12. Bd6+ Kb6 13. Na4+ Ka5 14.
b3 b6 15. a3 c5 16. Nxc5 Bc3 17. b4+ Bxb4 18. axb4+ Kxb4 19. Rd4+ 1-0

[Event "43. Olimpiada Batumi 2018 Femenina"]
[Site "Batumi GEO"]
[Date "2018.09.30"]
[Round "6.2"]
[White "Premanath, Dinushki"]
[Black "Guichard, Pauline"]
[Result "1-0"]
[WhiteElo "1813"]
[BlackElo "2390"]
[PlyCount "91"]
[EventDate "2018.09.24"]
[EventType "team-swiss"]
[EventRounds "11"]
[EventCountry "GEO"]
[SourceTitle "Ajedrez en Madrid"]
[Source "lmi"]
[SourceDate "2018.09.24"]
[WhiteTeam "Sri Lanka"]
[BlackTeam "France"]
[WhiteTeamCountry "SRI"]
[BlackTeamCountry "FRA"]

1. e4 e5 2. Nf3 Nc6 3. Bb5 a6 4. Ba4 Nge7 5. c3 g6 6. d4 exd4 7. cxd4 b5 8. Bb3
Bg7 9. h3 O-O 10. O-O Na5 11. Bc2 d5 12. Re1 Nc4 13. Nc3 Bb7 14. b3 Nb6 15. Bg5
f6 16. Bf4 b4 17. Nxd5 Nexd5 18. exd5 Nxd5 19. Bd2 Qd6 20. Qe2 a5 21. Bd3 Nb6
22. Rac1 Rad8 23. Qe7 Nd5 24. Bc4 Rf7 25. Qxd6 cxd6 26. a3 bxa3 27. Ra1 Nb4 28.
Bxf7+ Kxf7 29. Rec1 Bxf3 30. gxf3 f5 31. Rc7+ Kg8 32. Rxa3 Bxd4 33. Be3 Nd5 34.
Bg5 Ra8 35. Rd7 Nf6 36. Rb7 Nh5 37. Ra4 Bg7 38. b4 h6 39. Bd2 Rc8 40. bxa5 Rc2
41. Be3 f4 42. Bxf4 Nxf4 43. Rxf4 Ra2 44. Rff7 Bf8 45. Ra7 Rxa5 46. Rxf8+ 1-0

[Event "43. Olimpiada Batumi 2018 Femenina"]
[Site "Batumi GEO"]
[Date "2018.09.30"]
[Round "6.3"]
[White "Milliet, Sophie"]
[Black "Ranasinghe, S D."]
[Result "1-0"]
[WhiteElo "2389"]
[BlackElo "1785"]
[PlyCount "33"]
[EventDate "2018.09.24"]
[EventType "team-swiss"]
[EventRounds "11"]
[EventCountry "GEO"]
[SourceTitle "Ajedrez en Madrid"]
[Source "lmi"]
[SourceDate "2018.09.24"]
[WhiteTeam "France"]
[BlackTeam "Sri Lanka"]
[WhiteTeamCountry "FRA"]
[BlackTeamCountry "SRI"]

1. e4 c5 2. Nf3 Nc6 3. c3 d5 4. exd5 Qxd5 5. d4 Bg4 6. Be2 e6 7. h3 Bf5 8. c4
Qd8 9. d5 Nb4 10. O-O Nc2 11. Na3 Nxa1 12. Qa4+ Qd7 13. Nb5 Rc8 14. Ne5 Bc2 15.
b3 Qd8 16. Nd6+ Ke7 17. Ndxf7 1-0

[Event "43. Olimpiada Batumi 2018 Femenina"]
[Site "Batumi GEO"]
[Date "2018.09.30"]
[Round "6.4"]
[White "De Silva, Tenara"]
[Black "Haussernot, Cecile"]
[Result "0-1"]
[WhiteElo "1764"]
[BlackElo "2237"]
[PlyCount "54"]
[EventDate "2018.09.24"]
[EventType "team-swiss"]
[EventRounds "11"]
[EventCountry "GEO"]
[SourceTitle "Ajedrez en Madrid"]
[Source "lmi"]
[SourceDate "2018.09.24"]
[WhiteTeam "Sri Lanka"]
[BlackTeam "France"]
[WhiteTeamCountry "SRI"]
[BlackTeamCountry "FRA"]

1. e4 c5 2. Nf3 d6 3. d4 cxd4 4. Nxd4 Nf6 5. f3 e5 6. Bb5+ Nbd7 7. Nf5 d5 8.
exd5 a6 9. Bxd7+ Bxd7 10. Ne3 Bc5 11. Nc3 O-O 12. Qe2 b5 13. Ne4 Nxe4 14. fxe4
Qh4+ 15. Qf2 Qxe4 16. Qf3 Qg6 17. c3 f5 18. b4 Bb6 19. d6 Qxd6 20. Qd5+ Qe6 21.
h3 f4 22. Qxe6+ Bxe6 23. Nd1 e4 24. Rf1 e3 25. g3 e2 26. Kxe2 Bc4+ 27. Ke1
Rae8+ 0-1

[Event "43. Olimpiada Batumi 2018 Femenina"]
[Site "Batumi GEO"]
[Date "2018.09.30"]
[Round "6.1"]
[White "Caxita, Esperanca"]
[Black "Shvayger, Yuliya"]
[Result "0-1"]
[WhiteElo "1803"]
[BlackElo "2375"]
[PlyCount "76"]
[EventDate "2018.09.24"]
[EventType "team-swiss"]
[EventRounds "11"]
[EventCountry "GEO"]
[SourceTitle "Ajedrez en Madrid"]
[Source "lmi"]
[SourceDate "2018.09.24"]
[WhiteTeam "Angola"]
[BlackTeam "Israel"]
[WhiteTeamCountry "ANG"]
[BlackTeamCountry "ISR"]

1. e4 c5 2. Nf3 d6 3. d4 cxd4 4. Nxd4 Nf6 5. Bd3 Nc6 6. c3 g6 7. O-O Bg7 8. Nd2
O-O 9. N2f3 Bd7 10. Re1 Rc8 11. Bg5 h6 12. Be3 Ng4 13. Nxc6 bxc6 14. Bd4 e5 15.
Be3 Nxe3 16. Rxe3 Be6 17. Qd2 Qb6 18. b3 f5 19. c4 f4 20. Ree1 g5 21. Be2 Rcd8
22. Qc2 Qc7 23. h3 Qf7 24. Rac1 Qg6 25. Nh2 h5 26. f3 Bf6 27. Red1 Rd7 28. Rd2
Bd8 29. b4 Bb6+ 30. c5 dxc5 31. bxc5 Bxc5+ 32. Qxc5 Rxd2 33. Kf2 Qf6 34. Rc2
Rxc2 35. Qxc2 Qd8 36. Qxc6 Qb6+ 37. Qxb6 axb6 38. a4 Bd7 0-1

[Event "43. Olimpiada Batumi 2018 Femenina"]
[Site "Batumi GEO"]
[Date "2018.09.30"]
[Round "6.2"]
[White "Efroimski, Marsel"]
[Black "Pires, Luzia"]
[Result "1-0"]
[WhiteElo "2313"]
[BlackElo "1729"]
[PlyCount "73"]
[EventDate "2018.09.24"]
[EventType "team-swiss"]
[EventRounds "11"]
[EventCountry "GEO"]
[SourceTitle "Ajedrez en Madrid"]
[Source "lmi"]
[SourceDate "2018.09.24"]
[WhiteTeam "Israel"]
[BlackTeam "Angola"]
[WhiteTeamCountry "ISR"]
[BlackTeamCountry "ANG"]

1. e4 c5 2. Nf3 d6 3. d4 cxd4 4. Nxd4 a6 5. Nc3 Nf6 6. h3 g6 7. g4 Bg7 8. Be3
Bd7 9. g5 Ng8 10. Qd2 h6 11. O-O-O hxg5 12. Bxg5 Nc6 13. Nb3 Rc8 14. Nd5 Ne5
15. Be3 Nc4 16. Bxc4 Rxc4 17. Bb6 Qc8 18. Kb1 Rxe4 19. f3 Reh4 20. Rhe1 Be6 21.
Nc7+ Kf8 22. Nxe6+ fxe6 23. Rg1 Rxh3 24. Rxg6 Rxf3 25. Rxg7 Rxb3 26. Rxg8+ Rxg8
27. axb3 Ke8 28. Bd4 Qc6 29. Bc3 Rg2 30. Qe3 Kd7 31. Rf1 Qd5 32. Qf4 e5 33.
Qf5+ Qe6 34. Qf3 Qg6 35. Qxb7+ Ke6 36. Qc8+ Kd5 37. Qc4# 1-0

[Event "43. Olimpiada Batumi 2018 Femenina"]
[Site "Batumi GEO"]
[Date "2018.09.30"]
[Round "6.3"]
[White "Junior, Ednasia"]
[Black "Klinova, Masha"]
[Result "0-1"]
[WhiteElo "1725"]
[BlackElo "2288"]
[PlyCount "50"]
[EventDate "2018.09.24"]
[EventType "team-swiss"]
[EventRounds "11"]
[EventCountry "GEO"]
[SourceTitle "Ajedrez en Madrid"]
[Source "lmi"]
[SourceDate "2018.09.24"]
[WhiteTeam "Angola"]
[BlackTeam "Israel"]
[WhiteTeamCountry "ANG"]
[BlackTeamCountry "ISR"]

1. e4 c6 2. d4 g6 3. g3 d5 4. e5 Bg7 5. Bg2 f6 6. f4 Nh6 7. Ne2 Bg4 8. O-O Nf5
9. Nbc3 Nd7 10. Qd3 Qb6 11. Rd1 fxe5 12. fxe5 Nxe5 13. Qd2 Nf3+ 14. Bxf3 Bxf3
15. Qd3 Bxe2 16. Nxe2 O-O 17. Kg2 e5 18. dxe5 Bxe5 19. c3 Rae8 20. Ng1 Bg7 21.
Rf1 Rf7 22. Nf3 Rfe7 23. Rf2 Ne3+ 24. Kh1 Ng4 25. Rc2 Nf2+ 0-1

[Event "43. Olimpiada Batumi 2018 Femenina"]
[Site "Batumi GEO"]
[Date "2018.09.30"]
[Round "6.4"]
[White "Lahav, Michal"]
[Black "Gabriel, Irineia G"]
[Result "1-0"]
[WhiteElo "2151"]
[BlackElo "1652"]
[PlyCount "53"]
[EventDate "2018.09.24"]
[EventType "team-swiss"]
[EventRounds "11"]
[EventCountry "GEO"]
[SourceTitle "Ajedrez en Madrid"]
[Source "lmi"]
[SourceDate "2018.09.24"]
[WhiteTeam "Israel"]
[BlackTeam "Angola"]
[WhiteTeamCountry "ISR"]
[BlackTeamCountry "ANG"]

1. e4 g6 2. d4 Bg7 3. Nc3 d6 4. g3 Nd7 5. Bg2 a6 6. a4 e5 7. Nge2 Ne7 8. Be3
O-O 9. Qd2 Nb6 10. b3 c6 11. Rd1 Qc7 12. O-O a5 13. h3 f5 14. dxe5 dxe5 15. Bc5
Be6 16. Qd6 Qxd6 17. Rxd6 Nbc8 18. Rxe6 Kf7 19. Bxe7 Kxe6 20. Bxf8 Bxf8 21. f4
Bc5+ 22. Kh2 Nd6 23. fxe5 Kxe5 24. exf5 Nxf5 25. Nf4 Ne3 26. Nd3+ Kd6 27. Ne4+
1-0